Electrical Circuits And Machines (Record no. 315809)

MARC details
000 -LEADER
fixed length control field 00459nam a2200169Ia 4500
008 - FIXED-LENGTH DATA ELEMENTS--GENERAL INFORMATION
fixed length control field 230718s9999 xx 000 0 und d
041 ## - LANGUAGE CODE
Language code of text/sound track or separate title eng
082 ## - DEWEY DECIMAL CLASSIFICATION NUMBER
Classification number 621.313
Item number BAK
100 ## - MAIN ENTRY--PERSONAL NAME
Personal name Bakshi U.A.
245 ## - TITLE STATEMENT
Title Electrical Circuits And Machines
250 ## - EDITION STATEMENT
Edition statement 3rd ed.
260 ## - PUBLICATION, DISTRIBUTION, ETC. (IMPRINT)
Date of publication, distribution, etc. 2007
Name of publisher, distributor, etc. Technical pub
300 ## - PHYSICAL DESCRIPTION
Extent 654
Accompanying material [OBSOLETE, CAN/MARC] Ref 277 G (27008)
365 ## - TRADE PRICE
Currency code Rs.
Price amount 360.00
700 ## - ADDED ENTRY--PERSONAL NAME
Personal name Bakshi U.A. & Bakshi U.V.
9 (RLIN) 186469
906 ## - LOCAL DATA ELEMENT F, LDF (RLIN)
d B:139310-Jan-2007
c ALLIED
b 54
Holdings
Withdrawn status Lost status Damaged status Not for loan Home library Current library Date acquired Vendor Budget Code Cost, normal purchase price Bill number Full call number Barcode Date last seen Discount Cost, replacement price Bill Date Koha item type Original Barcode
Withdrawn       Cummins College of Engineering for Women Pune Cummins College of Engineering for Women Pune 15/01/2007 Goels Computer Hut ALLIED 306.00 1393 621.313 CCEP-BK-27016 18/07/2023 54 360.00 10/01/2007 Books 027016